00574 2200205 4500001002100000005001500021035002000036007000300056008004100059020002200100082001100122084001700133100002100150245008000171250001200251260004300263300003000306650001600336990001600352INLIS00000000000205620260302015902 a0010-0326000005ta260302 g 0 eng  a978-602-9450-03-3 a297.53 a297.53 ABD p0 aAbd Rozzaq Zuhdi1 aPelajaran Tajwid :bCara Membaca Al Qur'an dengan Benar /cAbd Rozzaq Zuhdi aCet. 11 aSurabaya :bKarya Ilmu Surabaya,c2017 aiv + 48 :b- ;c14 x 20,5 aIlmu Tajwid a00000016233